000 00644nam a2200217Ia 4500
005 20240604110306.0
008 131103s9999 xx 000 0 und d
020 _a0 340 18888 X
040 _aLoreto College
041 _aEnglish
082 _a570
_bKEL
245 4 _aThe educational use of living organisms
_b a source book
_cEdited by P. J. Kelly & J. D. Wray
260 _aLondon
_bThe English Universities
_c1975
300 _a188p.
_b ill.
440 _aSchools council educational use of living organisms
504 _aIncludes bibliography
650 _aScience
700 _aKelly, P. J.;ed.
850 _aLCBED
942 _cBK
999 _c28663
_d79142